000 03730cam a22012614i 4500
003 PE-LiUPU
005 20250813185601.0
008 150706s r 000 0 d
020 _a9789972615542
035 _a(Sirsi) i9789972615542
040 _aPE-LiUPU
_bspa
_cPE-LiUPU
_erda
049 _aPRUA
082 0 4 _a370.7
_bC22
_221
245 0 0 _aCambio y continuidad en la escuela peruana :
_buna mirada institucional a la implementación de programas, procesos y proyectos educativos /cNatalia Arteta, Martín Benavides, Manuel Etesse ... [et al.] ; Martín Benavides, Paul Neira, editores.
264 1 _aLima :
_bRemanso Ediciones E.I.R.L.,
_c2010.
300 _a205 páginas :
_bilustraciones ;
_c22 centímetros
336 _atext
_2rdacontent
337 _aunmediated
_2rdamedia
338 _avolume
_2rdacarrier
504 _aIncluye referencias bibliográficas.
505 0 _a¿La misma historia? El currículo de historia en dos colegios de la élite limeña -- Del dicho al hecho hay mucho trecho. Un análisis de la implementación de la política nacional de educación bilingüe intercultural en Puno, Perú -- Respuestas de los docentes a las presiones institucionales de cambio: el caso de un programa de capacitación en una escuela pública de Villa el Salvador -- La escuela frente al cambio: el caso de un programa de intervención educativa en la sierra norte del Perú.
526 _aP202
526 _aP201
526 _aP163
526 _aP162
526 _aP161
526 _aP160
526 _aP148
526 _aP147
526 _aP146
526 _aP145
526 _aP144
526 _aP143
526 _aP142
526 _aP141
526 _aP140
526 _aP139
526 _aP138
526 _aP137
526 _aP136
526 _aP135
526 _aP134
526 _aP133
526 _aP129
526 _aP128
526 _aP127
526 _aP120
526 _aP119
526 _aP118
526 _aP116
526 _aP115
526 _aP114
526 _aP110
526 _aP109
526 _aP108
526 _aP104
526 _aP103
526 _aP102
526 _aP99
526 _aP98
526 _aP97
526 _aP96
526 _aP95
526 _aP93
526 _aP90
526 _aP89
526 _aP88
526 _aP83
526 _aP82
526 _aP62
526 _aP59
526 _aP58
526 _aP57
526 _aP51
526 _aP49
526 _aP48
526 _aP47
526 _aP29
526 _aP24
526 _aP20
526 _aP19
526 _aP17
526 _aP15
526 _aP14
526 _aP12
526 _aP10
526 _aP09
526 _aP08
526 _aP07
526 _aP06
526 _aP05
526 _aP04
526 _aP01
650 1 8 _aEducación
_zPerú
_vEnsayos, conferencias, etc.
650 2 8 _aPlanificación curricular
_zPerú.
650 2 8 _aEducación bilingüe
_zPerú.
650 2 8 _aEducación multicultural
_zPerú.
650 2 8 _aProfesores$x-Capacitación
_zPerú.
700 1 _aArteta, Natalia,
_eed.
700 1 _aBenavides, Martín,
_eed.
910 _agl
_bjck
_d20110302
942 _2ddc
_cBOOK
949 _a370.7 C22
_wDEWEY
_c1
_i62688
_lCCODEBUL1
_mBUL
_p14.00
_r0
_sY
_tBOOK
_u2015-7-6
_xEDUCACION
_zUNKNOWN
_0COMPRA
_o.STAFF. Colección General
994 _aC0
_bPEPRU
596 _a1
999 _a370.7 C22
_wDEWEY
_c51782
_i62688
_f2021-11-8
_g5
_lCCODEBUL1
_mBUL
_p14.00
_r0
_sY
_tBOOK
_u2015-7-6
_xEDUCACION
_zUNKNOWN
_0COMPRA
_o.STAFF. Colección General
_d51782
980 _81
_gALBERTO SANCHEZ Responsable de Automatización